Presidential Same Name Quiz Stats

 Plays Quiz not verified by Sporcle

Challenge
Share
Tweet
Embed
Score 0/7 Timer 01:00
0 Plays Today
Occurrences Name % Correct
2Bush
93.8%
2Roosevelt
89.1%
3Johnson
87.5%
2Adams
84.4%
2Harrison
79.7%
2Clinton
62.5%
2Wilson
32.8%

You're not logged in!

Compare scores with friends on all Sporcle quizzes.
OR
Log In

You Might Also Like...

Show Comments

Extras

Top Quizzes Today


Score Distribution

Your Account Isn't Verified!

In order to create a playlist on Sporcle, you need to verify the email address you used during registration. Go to your Sporcle Settings to finish the process.

Report this User

Report this user for behavior that violates our Community Guidelines.

Details: